000 00296nam a22001337a 4500
008 171127b xxu||||| |||| 00| 0 eng d
020 _a9780226823379
041 _aeng
080 _27 ED
_a47
100 _a37
101 _aEDU
245 _aA MANUAL WRITERS
_cKATE.L.T
942 _2udc
_cBK
999 _c38556
_d38556